Strommix Deutschland 2024 - Statistiken

Allgemein
  • Dieses Quiz wurde 16 mal gespielt
  • Das Durchschnittsergebnis liegt bei 2 aus 6
Antwortstatistiken
Frage Antwort % Korrekt
Wer ist mit 5,7% auf Platz 5 in Deutschland? Erdgas
50%
Wer ist mit 12,7% auf Platz 3 in Deutschland? Kohle
50%
Wer ist mit 41,5% auf Platz 1 in Deutschland? Windenergie
50%
Wer ist mit 8,8% auf Platz 4 in Deutschland? Biomasse
0%
Wer ist mit 22,3% auf Platz 2 in Deutschland? Solar/Photovoltaik
0%
Wer ist mit 5,6% auf Platz 6 in Deutschland? Wasserkraft
0%
Keine übereinstimmenden Quizze gefunden
Verteilung der Resultate
Anzahl Personen mit jedem Resultat
Perzentil nach korrekt beantworteten Fragen
Ihre Resultats-Entwicklung
Sie haben dieses Quiz noch nicht gespielt